[Event "V4 OPEN - International Championship of Slovakia 2
[Site "Banska Stiavnica"]
[Date "2013.07.10"]
[Round "5"]
[Board "24"]
[White "Kravec, Patrik"]
[Black "Peitl, Tomas"]
[Result "1/2-1/2"]
[WhiteElo "1916"]
[BlackElo "2211"]
[PlyCount "0"]
[EventDate "2013.07.06"]
[EventRounds "9"]
[EventCountry "SVK"]

1. c4 {[%clk 1:30:56]} e5 {[%clk 1:30:35]} 2. Nc3 {[%clk 1:31:10]} Nc6
{[%clk 1:28:47]} 3. g3 {[%clk 1:31:02]} g6 {[%clk 1:29:07]} 4. Bg2
{[%clk 1:31:12]} Bg7 {[%clk 1:26:07]} 5. Rb1 {[%clk 1:30:28]} d6 {[%clk 1:26:16]}
6. b4 {[%clk 1:29:02]} f5 {[%clk 1:23:12]} 7. e3 {[%clk 1:16:15]} e4
{[%clk 1:18:15]} 8. f4 Be6 {[%clk 1:18:15]} 9. Qb3 {[%clk 1:11:54]} b5
{[%clk 1:06:36]} 10. Nxb5 {[%clk 0:57:43]} Rb8 {[%clk 1:04:56]} 11. Qa4
{[%clk 0:51:45]} Kf7 {[%clk 1:03:34]} 12. Na3 {[%clk 0:49:25]} Nce7
{[%clk 0:57:29]} 13. Nh3 {[%clk 0:48:06]} h6 {[%clk 0:56:18]} 14. O-O
{[%clk 0:47:21]} c5 {[%clk 0:47:53]} 15. b5 {[%clk 0:43:18]} Qc7 {[%clk 0:42:24]}
16. Nf2 {[%clk 0:41:34]} d5 {[%clk 0:41:43]} 17. d3 {[%clk 0:40:40]} Nf6
{[%clk 0:38:30]} 18. Bb2 {[%clk 0:38:21]} Nd7 {[%clk 0:37:04]} 19. Bxg7
{[%clk 0:37:16]} Kxg7 {[%clk 0:37:24]} 20. Rfd1 {[%clk 0:34:45]} Nb6
{[%clk 0:36:15]} 21. Qc2 {[%clk 0:33:46]} d4 {[%clk 0:32:58]} 22. dxe4
{[%clk 0:31:24]} dxe3 {[%clk 0:31:16]} 23. Qc3+ {[%clk 0:30:35]} Kh7
{[%clk 0:31:25]} 24. Qxe3 {[%clk 0:30:07]} Nxc4 {[%clk 0:30:16]} 25. Nxc4
{[%clk 0:29:53]} Bxc4 26. Rbc1 {[%clk 0:27:36]} Bxb5 {[%clk 0:27:24]} 27. Qxc5
{[%clk 0:27:58]} Qxc5 {[%clk 0:24:54]} 28. Rxc5 {[%clk 0:24:56]} Rhc8
{[%clk 0:24:05]} 29. Rdc1 {[%clk 0:25:21]} Rxc5 {[%clk 0:19:22]} 30. Rxc5
{[%clk 0:21:56]} Kg8 31. Bf1 {[%clk 0:22:19]} Bxf1 {[%clk 0:18:19]} 32. Kxf1
{[%clk 0:22:28]} Rb1+ {[%clk 0:15:07]} 33. Kg2 {[%clk 0:21:48]} fxe4
{[%clk 0:14:31]} 34. Re5 {[%clk 0:22:08]} Nc6 {[%clk 0:14:23]} 35. Rxe4
{[%clk 0:21:53]} Nb4 {[%clk 0:13:21]} 36. a4 {[%clk 0:21:32]} a5 {[%clk 0:13:06]}
37. Re5 {[%clk 0:20:55]} Rb2 {[%clk 0:13:12]} 38. Kf3 {[%clk 0:19:09]} Nc6
{[%clk 0:12:18]} 39. Rc5 {[%clk 0:13:30]} Nd4+ {[%clk 0:04:34]} 40. Ke4
{[%clk 0:13:51]} Rxf2 {[%clk 0:04:52]} 41. Kxd4 {[%clk 0:13:46]} Rxh2
{[%clk 0:30:02]} 42. Rxa5 {[%clk 0:42:08]} h5 {[%clk 0:29:08]} 43. Ra7
{[%clk 0:36:08]} Rg2 {[%clk 0:28:10]} 44. Ra5 {[%clk 0:36:08]} 1/2-1/2

[Event "V4 OPEN - International Championship of Slovakia 2
[Site "Banska Stiavnica"]
[Date "2013.07.10"]
[Round "5"]
[Board "25"]
[White "Horvath, Julia"]
[Black "Snider, Lukas"]
[Result "1-0"]
[WhiteElo "2183"]
[BlackElo "2004"]
[PlyCount "0"]
[EventDate "2013.07.06"]
[EventRounds "9"]
[EventCountry "SVK"]

1. d4 {[%clk 1:30:56]} d5 {[%clk 1:30:53]} 2. c4 {[%clk 1:30:53]} dxc4
{[%clk 1:31:17]} 3. Nf3 {[%clk 1:31:06]} Nf6 {[%clk 1:31:37]} 4. e3
{[%clk 1:31:31]} Bg4 {[%clk 1:31:54]} 5. Bxc4 {[%clk 1:31:53]} e6
{[%clk 1:32:16]} 6. O-O {[%clk 1:32:08]} Nbd7 {[%clk 1:32:37]} 7. Nc3
{[%clk 1:24:05]} Bb4 {[%clk 1:32:45]} 8. Be2 {[%clk 1:17:18]} O-O
{[%clk 1:32:38]} 9. Qb3 {[%clk 1:17:27]} c5 {[%clk 1:24:25]} 10. dxc5
{[%clk 1:12:49]} a5 {[%clk 1:08:22]} 11. c6 {[%clk 1:03:12]} bxc6
{[%clk 1:08:20]} 12. a3 {[%clk 1:03:19]} Bd6 {[%clk 1:06:19]} 13. e4
{[%clk 0:57:58]} Qc7 {[%clk 1:03:01]} 14. h3 {[%clk 0:57:54]} Bh5
{[%clk 1:03:24]} 15. Be3 {[%clk 0:53:30]} Rab8 {[%clk 1:00:25]} 16. Qc2
{[%clk 0:53:00]} Bf4 {[%clk 0:44:27]} 17. Bxf4 {[%clk 0:48:13]} Qxf4
{[%clk 0:44:51]} 18. Nd4 {[%clk 0:45:55]} Bxe2 {[%clk 0:34:51]} 19. Qxe2
{[%clk 0:46:01]} Qc7 {[%clk 0:32:01]} 20. Rfd1 {[%clk 0:42:37]} g6
{[%clk 0:27:58]} 21. Rac1 {[%clk 0:42:21]} e5 {[%clk 0:23:23]} 22. Nf3
{[%clk 0:37:38]} Qb7 {[%clk 0:22:41]} 23. Rc2 {[%clk 0:37:15]} Rfd8
{[%clk 0:19:49]} 24. Rcd2 {[%clk 0:35:33]} Re8 {[%clk 0:16:16]} 25. Qc4
{[%clk 0:30:24]} Re7 {[%clk 0:13:27]} 26. g4 {[%clk 0:18:11]} h6 {[%clk 0:10:24]}
27. Nh4 {[%clk 0:16:48]} Kg7 {[%clk 0:10:27]} 28. Ng2 {[%clk 0:14:58]} Qb6
{[%clk 0:10:25]} 29. Ne3 {[%clk 0:12:23]} Nc5 {[%clk 0:09:36]} 30. Rd6
{[%clk 0:10:23]} Rc8 {[%clk 0:04:48]} 31. b4 {[%clk 0:09:14]} axb4
{[%clk 0:05:00]} 32. axb4 {[%clk 0:09:25]} Nb7 {[%clk 0:04:26]} 33. Rxf6
{[%clk 0:06:53]} Kxf6 {[%clk 0:03:44]} 34. Ncd5+ {[%clk 0:07:13]} cxd5
{[%clk 0:03:52]} 35. Nxd5+ {[%clk 0:07:37]} Kg7 {[%clk 0:04:07]} 36. Qxc8
{[%clk 0:06:23]} Qd6 {[%clk 0:02:17]} 37. Nxe7 {[%clk 0:05:55]} Qxd1+
{[%clk 0:02:37]} 38. Kg2 {[%clk 0:06:12]} Nd8 {[%clk 0:02:22]} 39. Qc5
{[%clk 0:04:43]} Qa1 {[%clk 0:01:09]} 40. Nc6 {[%clk 0:03:03]} Nxc6
{[%clk 0:00:39]} 41. Qxc6 {[%clk 0:03:28]} h5 {[%clk 0:23:53]} 42. Qd5
{[%clk 0:33:43]} hxg4 {[%clk 0:23:05]} 43. hxg4 {[%clk 0:34:08]} Qb2
{[%clk 0:23:04]} 44. b5 {[%clk 0:33:41]} Kh6 {[%clk 0:20:48]} 45. Qd3
{[%clk 0:30:25]} Kg5 {[%clk 0:14:18]} 46. Kg3 {[%clk 0:30:16]} Kf6
{[%clk 0:09:45]} 47. Qd6+ {[%clk 0:29:42]} Kg5 {[%clk 0:10:05]} 48. Qd8+
{[%clk 0:29:18]} Kh6 {[%clk 0:09:00]} 49. Qh8+ {[%clk 0:29:34]} 1-0

[Event "V4 OPEN - International Championship of Slovakia 2
[Site "Banska Stiavnica"]
[Date "2013.07.10"]
[Round "5"]
[Board "26"]
[White "Volcko, Richard"]
[Black "Gbyl, Andrzej"]
[Result "0-1"]
[WhiteElo "1766"]
[BlackElo "2174"]
[PlyCount "0"]
[EventDate "2013.07.06"]
[EventRounds "9"]
[EventCountry "SVK"]

1. e4 {[%clk 1:30:58]} c6 {[%clk 1:30:50]} 2. d4 {[%clk 1:31:21]} d5
{[%clk 1:31:13]} 3. exd5 {[%clk 1:31:45]} cxd5 {[%clk 1:31:36]} 4. c4
{[%clk 1:32:11]} Nf6 {[%clk 1:31:52]} 5. Nc3 {[%clk 1:32:34]} Nc6
{[%clk 1:31:36]} 6. Nf3 {[%clk 1:32:38]} Bg4 {[%clk 1:30:53]} 7. cxd5
{[%clk 1:32:06]} Nxd5 {[%clk 1:31:14]} 8. Qb3 {[%clk 1:31:49]} Bxf3
{[%clk 1:30:04]} 9. gxf3 {[%clk 1:31:49]} e6 {[%clk 1:25:54]} 10. Nxd5
{[%clk 1:13:33]} Qxd5 {[%clk 1:26:05]} 11. Qxd5 {[%clk 1:13:50]} exd5
{[%clk 1:26:30]} 12. Be3 {[%clk 1:13:49]} Bb4+ {[%clk 1:26:23]} 13. Kd1
{[%clk 1:13:40]} O-O {[%clk 1:25:56]} 14. Bh3 {[%clk 1:08:47]} f5
{[%clk 1:21:58]} 15. f4 {[%clk 1:06:51]} Ba5 {[%clk 1:21:23]} 16. Ke2
{[%clk 1:04:21]} Rfe8 {[%clk 1:20:24]} 17. Rhd1 {[%clk 1:03:14]} Bb6
{[%clk 1:20:15]} 18. Kf1 {[%clk 1:02:30]} g6 {[%clk 1:20:29]} 19. Bg2
{[%clk 1:02:39]} Rad8 {[%clk 1:20:54]} 20. Rac1 {[%clk 0:59:02]} Rd7
{[%clk 1:20:40]} 21. Rc3 {[%clk 0:56:41]} Kf7 {[%clk 1:18:58]} 22. Bf3
{[%clk 0:54:36]} Rd6 {[%clk 1:14:48]} 23. Kg2 {[%clk 0:52:57]} Nd8
{[%clk 1:11:11]} 24. b4 {[%clk 0:50:12]} Ne6 {[%clk 1:11:00]} 25. Kg3
{[%clk 0:48:00]} Rd7 {[%clk 1:10:46]} 26. a4 {[%clk 0:47:15]} Bc7
{[%clk 1:10:08]} 27. h4 {[%clk 0:42:01]} h6 {[%clk 1:10:22]} 28. Rh1
{[%clk 0:41:51]} Kf6 {[%clk 1:05:01]} 29. Be2 {[%clk 0:34:24]} Bxf4+
{[%clk 0:58:07]} 30. Kf3 {[%clk 0:30:12]} Bxe3 {[%clk 0:58:17]} 31. fxe3
{[%clk 0:30:30]} Ree7 {[%clk 0:58:09]} 32. Rhc1 {[%clk 0:23:41]} Rc7
{[%clk 0:58:28]} 33. Bd1 {[%clk 0:22:16]} Rxc3 {[%clk 0:58:45]} 34. Rxc3
{[%clk 0:22:40]} Rc7 {[%clk 0:59:12]} 35. Rxc7 {[%clk 0:22:30]} Nxc7
{[%clk 0:59:37]} 36. Bb3 {[%clk 0:22:52]} Ke6 {[%clk 0:58:42]} 37. b5
{[%clk 0:21:55]} Ne8 {[%clk 0:58:12]} 38. Kf4 {[%clk 0:21:47]} Nd6
{[%clk 0:57:25]} 39. Bc2 {[%clk 0:18:08]} Kf6 {[%clk 0:56:03]} 40. Bd3
{[%clk 0:17:28]} Nc4 {[%clk 0:55:16]} 41. h5 {[%clk 0:15:57]} g5+
{[%clk 0:55:26]} 42. Kf3 {[%clk 0:15:35]} Nd2+ {[%clk 0:55:16]} 43. Ke2
{[%clk 0:14:34]} Ne4 {[%clk 0:55:33]} 44. Kf3 {[%clk 0:14:50]} Ke6
{[%clk 0:55:49]} 45. a5 {[%clk 0:13:11]} b6 {[%clk 0:55:58]} 46. axb6
{[%clk 0:13:13]} axb6 {[%clk 0:56:20]} 47. Be2 {[%clk 0:12:51]} g4+
{[%clk 0:56:17]} 48. Kf4 {[%clk 0:12:42]} Nf6 {[%clk 0:56:16]} 49. Kg3
{[%clk 0:13:02]} Nxh5+ {[%clk 0:56:33]} 50. Kh4 {[%clk 0:13:24]} Nf6
{[%clk 0:56:41]} 51. Bf1 {[%clk 0:13:14]} Ne4 {[%clk 0:56:50]} 52. Be2
{[%clk 0:13:17]} Nc3 {[%clk 0:56:13]} 53. Bf1 {[%clk 0:12:40]} Nd1
{[%clk 0:56:37]} 54. e4 {[%clk 0:12:56]} fxe4 {[%clk 0:56:04]} 0-1

[Event "V4 OPEN - International Championship of Slovakia 2
[Site "Banska Stiavnica"]
[Date "2013.07.10"]
[Round "5"]
[Board "27"]
[White "Holtman, Teodor"]
[Black "Demeter, Peter"]
[Result "1-0"]
[WhiteElo "1725"]
[BlackElo "2168"]
[PlyCount "0"]
[EventDate "2013.07.06"]
[EventRounds "9"]
[EventCountry "SVK"]

1. e4 {[%clk 1:30:57]} d6 {[%clk 1:30:54]} 2. d4 {[%clk 1:30:53]} Nf6
{[%clk 1:31:12]} 3. Nc3 {[%clk 1:30:47]} g6 {[%clk 1:31:33]} 4. f3
{[%clk 1:25:25]} Bg7 {[%clk 1:31:42]} 5. Be3 {[%clk 1:24:38]} O-O
{[%clk 1:31:24]} 6. Qd2 {[%clk 1:21:13]} a6 {[%clk 1:30:00]} 7. g4
{[%clk 1:16:53]} Nc6 {[%clk 1:17:44]} 8. h4 {[%clk 1:04:14]} h5 {[%clk 1:01:21]}
9. gxh5 {[%clk 1:00:47]} Nxh5 {[%clk 1:01:32]} 10. Nge2 {[%clk 0:47:54]} e5
{[%clk 0:41:38]} 11. d5 {[%clk 0:41:55]} Na5 {[%clk 0:40:49]} 12. b3
{[%clk 0:38:53]} b5 {[%clk 0:36:27]} 13. O-O-O {[%clk 0:37:11]} Nb7
{[%clk 0:33:06]} 14. Bh3 {[%clk 0:35:04]} Bxh3 {[%clk 0:32:07]} 15. Rxh3
{[%clk 0:35:33]} Nc5 {[%clk 0:29:14]} 16. Rg1 {[%clk 0:26:31]} b4
{[%clk 0:16:19]} 17. Nd1 {[%clk 0:26:10]} a5 {[%clk 0:16:26]} 18. Ng3
{[%clk 0:21:19]} Nf4 {[%clk 0:16:05]} 19. Bxf4 {[%clk 0:20:03]} exf4
{[%clk 0:16:28]} 20. Qxf4 {[%clk 0:17:52]} a4 {[%clk 0:06:39]} 21. Nh5
{[%clk 0:13:13]} axb3 {[%clk 0:05:56]} 22. axb3 {[%clk 0:13:00]} Bd4
{[%clk 0:03:34]} 23. Qh6 {[%clk 0:10:28]} Qe7 {[%clk 0:03:57]} 24. Rhg3
{[%clk 0:08:28]} 1-0

[Event "V4 OPEN - International Championship of Slovakia 2
[Site "Banska Stiavnica"]
[Date "2013.07.10"]
[Round "5"]
[Board "28"]
[White "Danada, Tomas"]
[Black "Sturc, Jan"]
[Result "1/2-1/2"]
[WhiteElo "2085"]
[BlackElo "1999"]
[PlyCount "0"]
[EventDate "2013.07.06"]
[EventRounds "9"]
[EventCountry "SVK"]

1. d4 {[%clk 1:27:44]} d5 {[%clk 1:30:34]} 2. Nf3 {[%clk 1:27:36]} Nf6
{[%clk 1:30:43]} 3. Bf4 {[%clk 1:27:31]} c6 {[%clk 1:29:21]} 4. e3
{[%clk 1:26:26]} Bf5 {[%clk 1:26:41]} 5. Bd3 {[%clk 1:26:18]} Bxd3 6. Qxd3 Qb6
{[%clk 1:22:56]} 7. Nc3 {[%clk 1:22:46]} Nbd7 {[%clk 1:19:26]} 8. O-O
{[%clk 1:20:46]} Nh5 {[%clk 1:16:04]} 9. Bg5 {[%clk 1:20:28]} h6 {[%clk 1:15:37]}
10. Bh4 {[%clk 1:20:52]} e6 {[%clk 1:15:03]} 11. e4 {[%clk 1:11:39]} g5
{[%clk 1:09:26]} 12. exd5 {[%clk 1:06:47]} cxd5 {[%clk 0:49:20]} 13. Bg3
{[%clk 1:04:08]} Nxg3 {[%clk 0:48:29]} 14. hxg3 {[%clk 1:02:54]} Bg7
{[%clk 0:48:34]} 15. Rfe1 {[%clk 1:00:32]} O-O {[%clk 0:48:17]} 16. Rab1
{[%clk 0:41:05]} 1/2-1/2

[Event "V4 OPEN - International Championship of Slovakia 2
[Site "Banska Stiavnica"]
[Date "2013.07.10"]
[Round "5"]
[Board "29"]
[White "Jedrocha, Katarzyna"]
[Black "Toman, Ondrej"]
[Result "0-1"]
[WhiteElo "1676"]
[BlackElo "2061"]
[PlyCount "0"]
[EventDate "2013.07.06"]
[EventRounds "9"]
[EventCountry "SVK"]

1. e4 {[%clk 1:30:57]} c6 {[%clk 1:30:49]} 2. d4 {[%clk 1:31:08]} d5
{[%clk 1:31:09]} 3. Nc3 {[%clk 1:31:26]} dxe4 {[%clk 1:31:03]} 4. Nxe4
{[%clk 1:31:50]} Nd7 {[%clk 1:31:20]} 5. Nf3 {[%clk 1:31:12]} Ngf6
{[%clk 1:31:23]} 6. Nxf6+ {[%clk 1:28:51]} Nxf6 {[%clk 1:31:26]} 7. Bf4
{[%clk 1:28:36]} Bg4 {[%clk 1:28:45]} 8. Be2 {[%clk 1:26:53]} e6 {[%clk 1:28:05]}
9. c3 {[%clk 1:25:40]} Nd5 {[%clk 1:26:02]} 10. Bg3 {[%clk 1:23:23]} Bd6
{[%clk 1:23:49]} 11. Ne5 {[%clk 1:21:44]} Bxe2 {[%clk 1:23:17]} 12. Qxe2
{[%clk 1:22:08]} O-O {[%clk 1:22:53]} 13. O-O {[%clk 1:21:04]} Qe7
{[%clk 1:16:57]} 14. c4 {[%clk 1:16:18]} Nf6 {[%clk 1:13:53]} 15. Bh4
{[%clk 1:13:49]} Qd8 {[%clk 1:13:54]} 16. Rad1 {[%clk 1:11:20]} Be7
{[%clk 1:12:38]} 17. Rfe1 {[%clk 1:09:43]} h6 {[%clk 1:01:20]} 18. h3
{[%clk 1:06:48]} Qc7 {[%clk 0:54:50]} 19. d5 {[%clk 0:44:47]} cxd5
{[%clk 0:49:03]} 20. cxd5 {[%clk 0:45:02]} Nxd5 {[%clk 0:46:10]} 21. Bxe7
{[%clk 0:41:21]} Qxe7 {[%clk 0:44:21]} 22. Ng6 {[%clk 0:40:53]} fxg6
{[%clk 0:44:10]} 23. Rxd5 {[%clk 0:41:16]} Rae8 {[%clk 0:42:50]} 24. Re5
{[%clk 0:39:27]} Rf6 {[%clk 0:42:43]} 25. Qe3 {[%clk 0:38:07]} b6
{[%clk 0:40:57]} 26. Qb3 {[%clk 0:36:22]} Qd6 {[%clk 0:38:40]} 27. Qc4
{[%clk 0:34:49]} Kf7 {[%clk 0:32:32]} 28. R5e3 {[%clk 0:32:14]} Re7
{[%clk 0:29:03]} 29. Rd3 {[%clk 0:30:13]} Qf4 {[%clk 0:28:18]} 30. Qc2
{[%clk 0:30:20]} Qf5 {[%clk 0:27:02]} 31. Qd2 {[%clk 0:30:13]} Qf4
{[%clk 0:23:05]} 32. Qe2 {[%clk 0:29:09]} Rc7 {[%clk 0:21:07]} 33. b3
{[%clk 0:26:43]} Qf5 {[%clk 0:19:04]} 34. Red1 {[%clk 0:24:43]} Kg8
{[%clk 0:15:43]} 35. Rd8+ {[%clk 0:23:34]} Kh7 {[%clk 0:15:41]} 36. R8d3
{[%clk 0:23:20]} e5 {[%clk 0:14:07]} 37. Re1 {[%clk 0:23:04]} e4 {[%clk 0:10:32]}
38. Re3 {[%clk 0:23:18]} Re7 {[%clk 0:10:08]} 39. Qc2 {[%clk 0:23:09]} Qa5
{[%clk 0:05:02]} 40. R1e2 {[%clk 0:20:36]} Rfe6 {[%clk 0:04:22]} 41. f3
{[%clk 0:11:41]} exf3 {[%clk 0:29:16]} 42. Rxe6 {[%clk 0:41:20]} fxe2
{[%clk 0:29:29]} 43. Rxe7 {[%clk 0:40:59]} e1=Q+ {[%clk 0:29:08]} 44. Rxe1
{[%clk 0:41:26]} Qxe1+ {[%clk 0:29:29]} 45. Kh2 {[%clk 0:41:53]} Qe5+
{[%clk 0:29:22]} 46. Kh1 {[%clk 0:42:01]} Qf5 {[%clk 0:29:29]} 47. Qc1
{[%clk 0:41:11]} g5 {[%clk 0:28:19]} 48. Qa3 {[%clk 0:39:53]} a5 {[%clk 0:26:55]}
49. Qc1 {[%clk 0:36:53]} g4 {[%clk 0:25:08]} 50. hxg4 {[%clk 0:35:43]} Qxg4
{[%clk 0:25:26]} 51. Qc2+ {[%clk 0:35:58]} Qg6 {[%clk 0:25:52]} 52. Qd1
{[%clk 0:35:10]} Qf5 {[%clk 0:24:17]} 53. Qd8 {[%clk 0:32:52]} Qh5+
{[%clk 0:23:41]} 54. Kg1 {[%clk 0:33:12]} Qc5+ {[%clk 0:24:10]} 55. Kh1
{[%clk 0:33:27]} h5 {[%clk 0:22:00]} 56. Qd3+ {[%clk 0:33:11]} Kh6
{[%clk 0:22:13]} 57. Qd2+ {[%clk 0:33:20]} Qg5 {[%clk 0:20:50]} 58. Qd6+
{[%clk 0:33:39]} Qf6 {[%clk 0:21:16]} 59. Qd2+ {[%clk 0:33:42]} g5
{[%clk 0:21:21]} 60. Qe2 {[%clk 0:33:13]} h4 {[%clk 0:20:33]} 61. Qc4
{[%clk 0:31:05]} Kh5 {[%clk 0:14:52]} 62. Qb5 {[%clk 0:28:09]} Qe6
{[%clk 0:14:44]} 63. Qd3 {[%clk 0:27:17]} g4 {[%clk 0:10:38]} 64. Qh7+
{[%clk 0:25:01]} Kg5 {[%clk 0:11:07]} 65. Qg7+ {[%clk 0:25:07]} Kf4
{[%clk 0:10:23]} 66. Qd4+ {[%clk 0:24:49]} Kf5 {[%clk 0:08:00]} 67. Qd3+
{[%clk 0:23:26]} Kf6 {[%clk 0:07:53]} 68. Qd8+ {[%clk 0:23:17]} Ke5
{[%clk 0:07:19]} 69. Qxh4 {[%clk 0:23:12]} Kd4 {[%clk 0:07:02]} 70. Qf2+
{[%clk 0:21:07]} Kc3 {[%clk 0:04:30]} 71. Kg1 {[%clk 0:21:06]} Qe5
{[%clk 0:03:29]} 72. Kf1 {[%clk 0:17:01]} g3 {[%clk 0:02:25]} 73. Qf7
{[%clk 0:13:35]} Qb5+ {[%clk 0:01:20]} 74. Ke1 {[%clk 0:14:03]} Qe5+
{[%clk 0:01:43]} 75. Kf1 {[%clk 0:14:27]} Kb2 {[%clk 0:01:52]} 76. a4
{[%clk 0:14:36]} Qe3 {[%clk 0:01:56]} 77. Qf3 {[%clk 0:13:19]} Qc1+
{[%clk 0:02:00]} 78. Ke2 {[%clk 0:13:42]} Qc2+ {[%clk 0:02:30]

[Event "V4 OPEN - International Championship of Slovakia 2
[Site "Banska Stiavnica"]
[Date "2013.07.10"]
[Round "5"]
[Board "30"]
[White "Haring, Viktor"]
[Black "Kavon, Rastislav"]
[Result "0-1"]
[WhiteElo "2060"]
[BlackElo "1994"]
[PlyCount "0"]
[EventDate "2013.07.06"]
[EventRounds "9"]
[EventCountry "SVK"]

1. e4 {[%clk 1:30:56]} e5 {[%clk 1:30:53]} 2. Nf3 {[%clk 1:31:20]} Nc6
{[%clk 1:31:18]} 3. Bb5 {[%clk 1:31:38]} a6 {[%clk 1:31:14]} 4. Ba4
{[%clk 1:32:01]} Nf6 {[%clk 1:31:22]} 5. O-O {[%clk 1:32:19]} Be7
{[%clk 1:31:34]} 6. Re1 {[%clk 1:32:35]} b5 {[%clk 1:31:38]} 7. Bb3
{[%clk 1:32:50]} d6 {[%clk 1:31:58]} 8. c3 {[%clk 1:33:12]} O-O {[%clk 1:32:15]}
9. h3 {[%clk 1:33:07]} Bb7 {[%clk 1:32:11]} 10. d4 {[%clk 1:32:18]} Re8
{[%clk 1:32:32]} 11. Nbd2 {[%clk 1:29:27]} Bf8 {[%clk 1:32:27]} 12. Bc2
{[%clk 1:28:54]} h6 {[%clk 1:32:35]} 13. d5 {[%clk 1:21:39]} Nb8 {[%clk 1:32:14]}
14. Nf1 {[%clk 1:21:27]} c6 {[%clk 1:30:08]} 15. dxc6 {[%clk 1:18:08]} Bxc6
{[%clk 1:29:02]} 16. Ng3 {[%clk 1:17:55]} g6 {[%clk 1:28:23]} 17. a4
{[%clk 1:09:53]} Nbd7 {[%clk 1:26:15]} 18. Nh2 {[%clk 1:05:31]} Nc5
{[%clk 1:22:39]} 19. axb5 {[%clk 1:04:24]} axb5 {[%clk 1:22:35]} 20. Rxa8
{[%clk 1:03:25]} Qxa8 {[%clk 1:21:58]} 21. Qf3 {[%clk 1:02:52]} Qd8
{[%clk 1:09:58]} 22. h4 {[%clk 0:54:00]} h5 {[%clk 0:57:38]} 23. Bg5
{[%clk 0:52:37]} Bg7 {[%clk 0:56:45]} 24. Rd1 {[%clk 0:47:09]} Ne6
{[%clk 0:53:08]} 25. Qd3 {[%clk 0:43:44]} Bf8 {[%clk 0:52:54]} 26. Nf3
{[%clk 0:35:15]} Nxg5 {[%clk 0:47:20]} 27. Nxg5 {[%clk 0:35:04]} Nh7
{[%clk 0:47:18]} 28. Nf3 {[%clk 0:30:21]} Qb6 {[%clk 0:42:11]} 29. Bb3
{[%clk 0:27:38]} Rb8 {[%clk 0:37:26]} 30. Nf1 {[%clk 0:21:18]} b4
{[%clk 0:34:40]} 31. Qc4 {[%clk 0:20:10]} Be8 {[%clk 0:34:50]} 32. Rc1
{[%clk 0:17:30]} Qb7 {[%clk 0:28:43]} 33. Ne3 {[%clk 0:14:48]} Rc8
{[%clk 0:21:03]} 34. Qd3 {[%clk 0:09:48]} bxc3 {[%clk 0:18:58]} 35. Rxc3
{[%clk 0:07:04]} Rxc3 {[%clk 0:15:52]} 36. Qxc3 {[%clk 0:07:30]} Qxe4
{[%clk 0:16:03]} 37. Nd5 {[%clk 0:06:32]} Kg7 {[%clk 0:13:34]} 38. Kh2
{[%clk 0:02:10]} Nf6 {[%clk 0:11:59]} 39. Nxf6 {[%clk 0:00:55]} Kxf6
{[%clk 0:12:26]} 40. Kg1 {[%clk 0:00:47]} Bc6 {[%clk 0:08:54]} 41. Qa5
{[%clk 0:27:31]} Be7 {[%clk 0:31:01]} 42. Qd2 {[%clk 0:27:25]} Kg7
{[%clk 0:29:16]} 43. Bc2 {[%clk 0:27:41]} Qg4 {[%clk 0:29:11]} 44. Bd1
{[%clk 0:28:01]} Bxf3 {[%clk 0:20:36]} 45. Bxf3 {[%clk 0:28:28]} Qxh4
{[%clk 0:20:56]} 46. b4 {[%clk 0:28:33]} Qc4 {[%clk 0:19:02]} 47. Bd5
{[%clk 0:28:56]} Qc7 {[%clk 0:18:10]} 48. b5 {[%clk 0:29:11]} Bd8
{[%clk 0:18:12]} 49. Bc6 {[%clk 0:29:08]} Qb8 {[%clk 0:17:49]} 50. Qa2
{[%clk 0:28:49]} Bb6 {[%clk 0:17:52]} 51. Qa8 {[%clk 0:28:44]} Qxa8
{[%clk 0:17:03]} 52. Bxa8 {[%clk 0:28:21]} f5 {[%clk 0:17:04]} 53. Kf1
{[%clk 0:28:34]} Kf6 {[%clk 0:16:40]} 54. Bd5 {[%clk 0:29:02]} g5
{[%clk 0:15:09]} 55. Ke2 {[%clk 0:29:24]} e4 {[%clk 0:15:24]} 56. f3
{[%clk 0:29:28]} Ke5 {[%clk 0:15:34]} 57. fxe4 {[%clk 0:29:48]} fxe4
{[%clk 0:15:59]} 58. Bf7 {[%clk 0:30:01]} h4 {[%clk 0:16:22]} 59. Be8
{[%clk 0:30:15]} d5 {[%clk 0:16:45]} 60. Bd7 {[%clk 0:30:35]} d4 {[%clk 0:17:04]}
61. Bc6 {[%clk 0:30:08]} d3+ {[%clk 0:17:26]} 62. Kd2 {[%clk 0:30:17]} Kd4
{[%clk 0:17:54]} 63. Bd7 {[%clk 0:30:28]} e3+ {[%clk 0:18:16]} 64. Kd1
{[%clk 0:30:43]} e2+ {[%clk 0:18:41]} 0-1

[Event "V4 OPEN - International Championship of Slovakia 2
[Site "Banska Stiavnica"]
[Date "2013.07.10"]
[Round "5"]
[Board "31"]
[White "Ruckschloss, Karol"]
[Black "Nowak, Lukasz"]
[Result "1-0"]
[WhiteElo "2283"]
[BlackElo "1955"]
[PlyCount "69"]
[EventDate "2013.07.06"]
[EventRounds "9"]
[EventCountry "SVK"]

1. c4 Nf6 2. d4 e6 3. Nf3 d5 4. e3 c5 5. Nc3 dxc4 6. Bxc4 a6 7. a4 Nc6 8. O-O
Be7 9. b3 O-O 10. Bb2 cxd4 11. exd4 Qa5 12. Qe2 Rd8 13. Rfd1 Nb4 14. Ne5 Bd7
15. f4 Nbd5 16. Qf3 Be8 17. f5 exf5 18. Nxd5 Nxd5 19. Qxf5 g6 20. Qf3 f6 21.
Ng4 f5 22. Ne5 Kg7 23. g4 f4 24. Qe4 Bb4 25. Nd3 Bf7 26. Nxf4 Re8 27. Qf3 Re3
28. Qf2 Rae8 29. Ng2 R3e7 30. Rf1 Bd2 31. Rad1 Bg5 32. h4 Ne3 33. hxg5 Nxf1 34.
Qf6+ Kg8 35. d5 1-0

[Event "V4 OPEN - International Championship of Slovakia 2
[Site "Banska Stiavnica"]
[Date "2013.07.10"]
[Round "5"]
[Board "32"]
[White "Wozniak, Mariola"]
[Black "Kantorik, Marian"]
[Result "0-1"]
[WhiteElo "2016"]
[BlackElo "2331"]
[PlyCount "104"]
[EventDate "2013.07.06"]
[EventRounds "9"]
[EventCountry "SVK"]

1. e4 Nf6 2. e5 Nd5 3. d4 d6 4. Nf3 dxe5 5. dxe5 Bf5 6. Bd3 Bxd3 7. Qxd3 Nc6 8.
a3 e6 9. O-O Be7 10. Qe4 O-O 11. Qg4 Kh8 12. Nbd2 f5 13. exf6 Rxf6 14. Ne4 Rg6
15. Neg5 Bxg5 16. Nxg5 Qf6 17. Qh5 h6 18. Ne4 Qf5 19. Qxf5 exf5 20. Ng3 f4 21.
Nf5 Rf6 22. Nh4 Nd4 23. Rd1 Nxc2 24. Ra2 Re8 25. Nf3 c6 26. Bd2 Re4 27. Bc3
Rfe6 28. Be5 R4xe5 29. Nxe5 Rxe5 30. h3 c5 31. Rc1 Nd4 32. Rxc5 f3 33. b4 fxg2
34. Kxg2 Nf4+ 35. Kg3 Nfe2+ 36. Kg2 Re6 37. Kf1 b6 38. Rc4 b5 39. Rc8+ Kh7 40.
Rd2 Re4 41. Rd8 Ne6 42. Re8 N2f4 43. Rd7 Nxh3 44. Rxa7 Nhf4 45. Rb7 Nd3 46.
Rbe7 Re1+ 47. Kg2 Nef4+ 48. Kf3 Rf1 49. Re3 Rxf2+ 50. Ke4 Ra2 51. Rg3 Rxa3 52.
Rd8 Ra7 0-1

[Event "V4 OPEN - International Championship of Slovakia 2
[Site "Banska Stiavnica"]
[Date "2013.07.10"]
[Round "5"]
[Board "33"]
[White "Borosova, Zuzana"]
[Black "Ondras, Juraj"]
[Result "1-0"]
[WhiteElo "2265"]
[BlackElo "2016"]
[PlyCount "71"]
[EventDate "2013.07.06"]
[EventRounds "9"]
[EventCountry "SVK"]

1. e4 e5 2. Nf3 Nc6 3. Bc4 Bc5 4. b4 Bxb4 5. c3 Be7 6. d4 Na5 7. Nxe5 Nxc4 8.
Nxc4 d5 9. exd5 Qxd5 10. Ne3 Qd8 11. O-O Nf6 12. Bb2 O-O 13. Qd3 c6 14. Nd2 Re8
15. c4 Be6 16. Bc3 Qd7 17. Rab1 b5 18. cxb5 Bxa2 19. Rb2 Bd5 20. Ra1 Rec8 21.
b6 axb6 22. Rxa8 Rxa8 23. Rxb6 Bd6 24. Qb1 Re8 25. Rb7 Qc8 26. Ndf1 g6 27. Rb2
Be4 28. Qd1 Nd5 29. Be1 Qe6 30. Bd2 Qf6 31. Ng4 Qxd4 32. Nh6+ Kg7 33. Nf5+ Bxf5
34. Bh6+ Kxh6 35. Qxd4 Re1 36. Qd2+ 1-0